| 000 | 00690nam a2200217 i 4500 | ||
|---|---|---|---|
| 001 | bg | ||
| 100 | 1 | _aFIJAŁKOWSKI, Tadeusz | |
| 245 | 1 | 0 |
_aKodeks handlowy : _bkomentarz, orzecznictwo sądowe, wybrane akty prawne / _cTadeusz Fijałkowski. |
| 250 |
_aWyd. 16 znowel. _astan prawny - 26.10.1999 r. |
||
| 260 |
_aWarszawa : _bWiK "Hanka" Hanna Byrka, _c1999. |
||
| 300 |
_a410 s. ; _c23 cm. |
||
| 650 | 9 |
_aPrawo handlowe _zPolska _ystan na 1999 r. |
|
| 650 | 9 |
_aSpółki _xprawo _zPolska _ystan na 1999 r. |
|
| 020 | _a8385966307 | ||
| 040 | _cBPK | ||
| 041 | 0 | _apl | |
| 080 | _a347.7(438)(094.4) | ||
| 920 | _a83-85966-30-7 | ||
| 942 | _cKS | ||
| 008 | s pl f |000 0 pol | ||
| 999 |
_c36166 _d36166 |
||
| 856 |
_uhttp://koha.tu.koszalin.pl/cgi-bin/koha/opac-detail.pl?biblionumber=36166 _yKatalog online BPK |
||